Statistics for Lineups: UEFA Champions League Final 2018

Click here to take the quiz!

General Stats

  • This quiz has been taken 117 times
  • The average score is 22 of 24

Answer Stats

No.Player% Correct
7Cristiano Ronaldo
100%
9Karim Benzema
100%
1Keylor Navas
97%
4(C)Sergio Ramos
97%
CoachZinédine Zidane
97%
14(C)Jordan Henderson
96%
10Luka Modrić
96%
11Mohamed Salah
96%
19Sadio Mané
96%
CoachJürgen Klopp
95%
9Roberto Firmino
95%
8Toni Kroos
95%
66Trent Alexander-Arnold
95%
2Dani Carvajal
94%
4Virgil van Dijk
94%
5Raphaël Varane
93%
26Andrew Robertson
89%
14Casemiro
89%
1Loris Karius
89%
12Marcelo
89%
22Isco
84%
7James Milner
77%
6Dejan Lovren
63%
5Georginio Wijnaldum
63%

Score Distribution

Percentile by Number Answered

Percent of People with Each Score

Your Score History

You have not taken this quiz